000 00906nac a22002537a 4500
001 BR8902268
003 BR-BrBNA
005 20240105120945.0
008 230509b bl.|||m| |||| 00| 0 por d
040 _aBR-BrBNA
_bpor
_cBiblioteca Nacional de Agricultura
072 _aE14
090 _aE14 BR8902268
100 1 _aMonteiro, J. de A.
110 1 _aUniversidade de Sao Paulo, Sao Paulo (Brasil). Inst. de Pesquisas Economicas
_910549
245 1 _aA geracao de tecnologia agricola e a acao de grupos de interesse
260 3 _aSao Paulo, SP (Brasil):
_c1985.
300 _a170 p.
490 _aEnsaios Economicos - Universidade de Sao Paulo. Inst. de Pesquisas Economicas (Brazil)
_vv. 46
_x
500 _aBibliography p. 164-170 (141 ref.)
650 _aTECNOLOGIA AGRICOLA
650 _aDESENVOLVIMENTO ECONOMICO
909 _a202312
_bLúcia Elande
_c55
_dLúcia Elande
942 _2AGRIS
_n0
_cMS
999 _c282435
_d282435